Algeria : EIU country profile 2008.
| Format: | Book |
|---|---|
| Published: |
London:
The Economist Intelligence Unit,
2008.
|
| Subjects: |
| LEADER | 00424cam a2200145 7i4500 | ||
|---|---|---|---|
| 001 | 0000022056 | ||
| 005 | 20081211090000.0 | ||
| 022 | 0 | 0 | |a 0269-6053 |
| 090 | 0 | 0 | |a ALGR 330.9 |b ALG |
| 245 | 0 | 0 | |a Algeria : |b EIU country profile 2008. |
| 260 | 0 | 0 | |a London: |b The Economist Intelligence Unit, |c 2008. |
| 300 | # | # | |a 59 p. |
| 650 | 0 | 0 | |a Algeria -- |x Country profile |
| 651 | 0 | 0 | |a Algeria |
| 999 | |a B000023675 |b Book |c Countries |e Business Information Centre | ||